000 00967nam a2200253 i 4500
001 180122
003 ES-MaACL
005 20231026142418.0
008 120419s2011 sp abo |||| | spa d
020 _a978-84-694-4891-5
080 _a641.5(460.251)
100 1 _aGázquez Ortiz, Antonio.
_9149833
245 1 0 _aGustos y regustos de la Sierra de Montánchez y Tamuja /
_c[coordinación y textos], Antonio Gázquez Ortiz.
260 _aTorre de Santa María (Cáceres) :
_bADISMONTA,
_c2011.
300 _a249 p. :
_bil. col., fot., mapa ;
_c24 cm.
500 _aGlosario: p. 195-215.
500 _aRecetario: p. 219-245.
650 7 _aGastronomía-
_zExtremadura.
_9149834
650 4 _aCocina extremeña-
_vRecetas.
_9149835
710 2 _aAsociación para el Desarrollo Integral de la Comarca de Montánchez y Tamuja
_9149836
852 _aES-MaACL
_jA-12061
_9187032
_bR.148623
_cDEPO1
_dOlim: N-5066
942 _2udc
_cMONOGRAFIA
999 _c180122
_d180122